00373nam a2200145 a 45000010005000000030009000050080041000140400028000550820014000832450039000972500007001362600047001433000015001906500022002054833CO-ViMGA141112s2004 ck r 000 u spa d aCO-ViMGAbspacCO-ViMGA04aR030 L41710aLibro de los records guinness 1997 a4a aSantafé de Bogotá : bVoluntad, c1996 a320 p : il14aRECORDS MUNDIALES